| 000 | 00569nam a2200205 a 4500 | ||
|---|---|---|---|
| 005 | 20140310183256.0 | ||
| 008 | 041104s19uu xx 00 eng d | ||
| 050 |
_aHM 623 _b.T59 2002 |
||
| 100 | _aThwaites, Tony | ||
| 245 |
_aIntroducing cultural and media studies : _ba semiotic approach. |
||
| 300 |
_a240 p. : _bill. ; _c23 cm. |
||
| 521 | _aMC | ||
| 650 |
_aCulture _xStudy and teaching. |
||
| 650 | _aSemiotics. | ||
| 650 |
_aMass media _xSocial aspects. |
||
| 700 | _aDavis, Lloyd | ||
| 700 | _aMules, Warwick | ||
| 942 |
_cBK _2lcc _kFOR |
||
| 999 |
_c20867 _d20867 |
||